Library Logo

Pioneer International University Library Catalogue

ATPL GROUND TRAINING SERIES METEOROLOGY (Record no. 6080)

MARC details
000 -LEADER
fixed length control field 00288nam a22000977a 4500
005 - DATE AND TIME OF LATEST TRANSACTION
control field 20250901165555.0
008 - FIXED-LENGTH DATA ELEMENTS--GENERAL INFORMATION
fixed length control field 230926b |||||||| |||| 00| 0 eng d
050 ## - LIBRARY OF CONGRESS CALL NUMBER
Classification number TL570.P46 2006
245 ## - TITLE STATEMENT
Title ATPL GROUND TRAINING SERIES METEOROLOGY
Statement of responsibility, etc. OAT MEDIA
942 ## - ADDED ENTRY ELEMENTS (KOHA)
Source of classification or shelving scheme Library of Congress Classification
Classification part TL570.P46 2006
Holdings
Withdrawn status Lost status Source of classification or shelving scheme Damaged status Not for loan Home library Current library Shelving location Date acquired Total checkouts Full call number Barcode Date last seen Price effective from Koha item type
    Library of Congress Classification     Main Library Main Library   09/26/2023   TL570.P46 2006 PIU0029848 09/26/2023 09/26/2023 Books